JAKOV STIPIŠIČ, EGDOTIKA DIPLOMATIČKICH IZVORA U PROSLOSTI I DANAS.

Bibliographic Details
Main Author: Marsina, Richard, 1923-2021 (Author)
Format: Article
Language:Slovak

MARC

LEADER 00000nab a2200000uu 4500
001 vtls010877350
003 SK-MaSNL
005 20260303145136.0
008 230222|1975 xo |||||||||||||||||slo|
015 |a SNBRB 
035 |a (urnnbn)urn:nbn:sk:snk:ar-005rav 
035 |a (uuid)df294681-fe95-4ad2-aa67-da9d57b938b8 
035 |a urn:nbn:sk:snk-ab7lse 
040 |a SNKBUCL  |b slo  |c SNKBUCL  |e AACR2 
041 0 |a slo 
044 |a xo  |c SK 
100 1 |a Marsina, Richard,  |d 1923-2021  |4 aut  |9 207406 
245 1 0 |a JAKOV STIPIŠIČ, EGDOTIKA DIPLOMATIČKICH IZVORA U PROSLOSTI I DANAS.  |c Richard Marsina 
773 0 |t Slovenská archivistika  |g Roč. 10, č. 1 (1975), s. 137-139 
954 |a odborná, vedecká literatúra pôvodná (slovenská)  |2 lita 
958 |a OND 
958 |a EUIPO 
958 |a article8 
999 |c 2000820  |d 2002750